[Event "European Individual Chess Championship 2017"]
[Site "Minsk"]
[Date "2017.05.31"]
[Round "2.1"]
[White "Jakovenko, Dmitry"]
[Black "Svetushkin, Dmitry"]
[Result "1/2-1/2"]
[BlackElo "2573"]
[WhiteElo "2718"]
[LiveChessVersion "1.4.8"]

1. e4 {[%clk 1:27:58]} e5 {[%clk 1:30:47]} 2. Nf3 {[%clk 1:28:22]} Nc6
{[%clk 1:31:11]} 3. Bb5 {[%clk 1:28:49]} a6 {[%clk 1:30:49]} 4. Ba4
{[%clk 1:29:16]} Nf6 {[%clk 1:31:14]} 5. O-O {[%clk 1:29:42]} Be7
{[%clk 1:31:34]} 6. d3 {[%clk 1:30:09]} b5 {[%clk 1:30:50]} 7. Bb3
{[%clk 1:30:00]} O-O {[%clk 1:31:12]} 8. a4 {[%clk 1:30:27]} Bb7 {[%clk 1:31:37]}
9. Re1 {[%clk 1:30:44]} d6 {[%clk 1:32:00]} 10. Nbd2 {[%clk 1:30:51]} Qd7
{[%clk 1:31:41]} 11. Nf1 {[%clk 1:28:03]} Nd8 {[%clk 1:31:47]} 12. Ng3
{[%clk 1:07:42]} Ne6 {[%clk 1:31:50]} 13. Ba2 {[%clk 1:05:14]} c5
{[%clk 1:24:14]} 14. c3 {[%clk 1:05:24]} Rfe8 {[%clk 1:22:00]} 15. h3
{[%clk 1:04:35]} Bf8 {[%clk 1:16:56]} 16. Ng5 {[%clk 0:59:06]} d5
{[%clk 1:14:08]} 17. Nxe6 {[%clk 0:56:17]} Qxe6 {[%clk 1:10:26]} 18. Bg5
{[%clk 0:43:08]} Nd7 {[%clk 1:07:24]} 19. Qg4 {[%clk 0:40:56]} c4
{[%clk 0:47:40]} 20. exd5 {[%clk 0:29:20]} Bxd5 {[%clk 0:42:32]} 21. Bb1
{[%clk 0:23:41]} 1/2-1/2

[Event "European Individual Chess Championship 2017"]
[Site "Minsk"]
[Date "2017.05.31"]
[Round "2.2"]
[White "Deac, Bogdan-Daniel"]
[Black "Kryvoruchko, Yuriy"]
[Result "1/2-1/2"]
[BlackElo "2714"]
[WhiteElo "2572"]
[LiveChessVersion "1.4.8"]

1. Nf3 {[%clk 1:30:57]} Nf6 {[%clk 1:30:13]} 2. c4 {[%clk 1:31:21]} e6
{[%clk 1:30:25]} 3. g3 {[%clk 1:31:45]} d5 {[%clk 1:29:51]} 4. d4
{[%clk 1:32:04]} Be7 {[%clk 1:29:53]} 5. Bg2 {[%clk 1:32:09]} O-O
{[%clk 1:30:13]} 6. O-O {[%clk 1:30:43]} dxc4 {[%clk 1:30:35]} 7. Ne5
{[%clk 1:29:28]} Nc6 {[%clk 1:30:22]} 8. Bxc6 {[%clk 1:28:04]} bxc6
{[%clk 1:30:46]} 9. Nxc6 {[%clk 1:28:30]} Qe8 {[%clk 1:31:11]} 10. Nxe7+
{[%clk 1:28:55]} Qxe7 {[%clk 1:31:35]} 11. Na3 {[%clk 1:29:20]} Rd8
{[%clk 1:27:07]} 12. Qc2 {[%clk 1:27:49]} Ba6 {[%clk 1:25:38]} 13. Nxc4
{[%clk 1:27:27]} c5 {[%clk 1:25:28]} 14. dxc5 {[%clk 1:27:31]} Qxc5
{[%clk 1:25:42]} 15. b3 {[%clk 1:27:52]} Bxc4 {[%clk 1:25:44]} 16. Bb2
{[%clk 1:24:56]} Rac8 {[%clk 1:25:57]} 17. Bxf6 {[%clk 1:19:49]} gxf6
{[%clk 1:25:38]} 18. Rfc1 {[%clk 1:20:12]} Qa5 {[%clk 1:19:43]} 19. bxc4
{[%clk 1:19:07]} Rd2 {[%clk 1:19:59]} 20. Qe4 {[%clk 1:16:14]} Qe5
{[%clk 1:14:45]} 21. Qxe5 {[%clk 1:11:46]} fxe5 {[%clk 1:14:59]} 22. Kf1
{[%clk 1:12:04]} Rb8 {[%clk 1:09:52]} 23. Rab1 {[%clk 1:07:37]} Rxb1
{[%clk 1:09:33]} 24. Rxb1 {[%clk 1:07:38]} Rxa2 {[%clk 1:09:44]} 25. c5
{[%clk 1:07:27]} Rc2 {[%clk 1:09:10]} 26. Ra1 {[%clk 1:07:43]} Rxc5
{[%clk 1:09:35]} 1/2-1/2

[Event "European Individual Chess Championship 2017"]
[Site "Minsk"]
[Date "2017.05.31"]
[Round "2.3"]
[White "Matlakov, Maxim"]
[Black "Santos Latasa, Jaime"]
[Result "1-0"]
[BlackElo "2567"]
[WhiteElo "2714"]
[LiveChessVersion "1.4.8"]

1. c4 {[%clk 1:30:53]} Nf6 {[%clk 1:30:45]} 2. Nc3 {[%clk 1:31:11]} e6
{[%clk 1:31:10]} 3. e4 {[%clk 1:30:32]} d5 {[%clk 1:31:33]} 4. cxd5
{[%clk 1:30:32]} exd5 {[%clk 1:31:56]} 5. e5 {[%clk 1:30:54]} Ne4
{[%clk 1:32:21]} 6. Nf3 {[%clk 1:31:03]} Bf5 {[%clk 1:32:46]} 7. Be2
{[%clk 1:31:09]} Be7 {[%clk 1:32:38]} 8. O-O {[%clk 1:29:32]} O-O
{[%clk 1:32:14]} 9. Qb3 {[%clk 1:29:54]} Nc6 {[%clk 1:22:06]} 10. Nxd5
{[%clk 1:27:51]} Bc5 {[%clk 1:20:46]} 11. Ne3 {[%clk 1:27:50]} Bg6
{[%clk 1:21:01]} 12. Qc4 {[%clk 1:15:50]} b5 {[%clk 1:01:52]} 13. Qxb5
{[%clk 1:12:51]} Nd4 {[%clk 1:01:48]} 14. Nxd4 {[%clk 1:06:22]} Bxd4
{[%clk 1:01:36]} 15. d3 {[%clk 0:58:53]} Nc5 {[%clk 1:01:03]} 16. Qc4
{[%clk 0:55:17]} Rb8 {[%clk 0:57:52]} 17. Nc2 {[%clk 0:47:02]} Ne6
{[%clk 0:58:10]} 18. Nxd4 {[%clk 0:46:51]} Nxd4 {[%clk 0:58:32]} 19. Bd1
{[%clk 0:44:42]} Ne6 {[%clk 0:54:56]} 20. Re1 {[%clk 0:43:46]} Bxd3
{[%clk 0:53:58]} 21. Qc3 {[%clk 0:41:04]} Qd4 {[%clk 0:52:14]} 22. Qxd4
{[%clk 0:36:50]} Nxd4 {[%clk 0:52:13]} 23. Be3 {[%clk 0:37:13]} Nc2
{[%clk 0:51:39]} 24. Bxc2 {[%clk 0:35:27]} Bxc2 {[%clk 0:52:03]} 25. b3
{[%clk 0:34:14]} Rb7 {[%clk 0:52:19]} 26. Rac1 {[%clk 0:33:47]} Bf5
{[%clk 0:51:46]} 27. Rc5 {[%clk 0:33:09]} h6 {[%clk 0:51:05]} 28. Rec1
{[%clk 0:30:09]} Rc8 {[%clk 0:50:22]} 29. f3 {[%clk 0:30:18]} Kf8
{[%clk 0:49:59]} 30. Kf2 {[%clk 0:29:41]} Ke8 {[%clk 0:50:18]} 31. g4
{[%clk 0:27:29]} Be6 {[%clk 0:50:37]} 32. Kg3 {[%clk 0:27:32]} Kd7
{[%clk 0:50:15]} 33. Rd1+ {[%clk 0:27:24]} Ke7 {[%clk 0:50:36]} 34. Ra5
{[%clk 0:24:43]} Ra8 {[%clk 0:50:56]} 35. f4 {[%clk 0:18:43]} g6 {[%clk 0:50:17]}
36. Bc5+ {[%clk 0:18:01]} Ke8 {[%clk 0:50:36]} 37. Ra6 {[%clk 0:18:21]} Bc8
{[%clk 0:48:53]} 38. Rf6 {[%clk 0:16:21]} Rb5 {[%clk 0:48:55]} 39. Rc6
{[%clk 0:16:02]} Rb7 {[%clk 0:48:39]} 40. f5 {[%clk 0:46:14]} Bd7
{[%clk 1:18:56]} 41. fxg6 {[%clk 0:45:53]} 1-0

[Event "European Individual Chess Championship 2017"]
[Site "Minsk"]
[Date "2017.05.31"]
[Round "2.4"]
[White "Gabuzyan, Hovhannes"]
[Black "Jobava, Baadur"]
[Result "1-0"]
[BlackElo "2713"]
[WhiteElo "2570"]
[LiveChessVersion "1.4.8"]

1. Nf3 {[%clk 1:29:09]} d5 {[%clk 1:30:22]} 2. g3 {[%clk 1:29:34]} c6
{[%clk 1:30:33]} 3. Bg2 {[%clk 1:30:02]} Bg4 {[%clk 1:29:44]} 4. O-O
{[%clk 1:30:08]} Nd7 {[%clk 1:29:33]} 5. d4 {[%clk 1:30:34]} e6 {[%clk 1:29:35]}
6. Nbd2 {[%clk 1:30:59]} Bd6 {[%clk 1:29:03]} 7. e4 {[%clk 1:31:07]} Ne7
{[%clk 1:28:42]} 8. Re1 {[%clk 1:29:37]} O-O {[%clk 1:28:46]} 9. h3
{[%clk 1:29:35]} Bh5 {[%clk 1:29:06]} 10. c3 {[%clk 1:29:18]} Rc8
{[%clk 1:25:17]} 11. Qb3 {[%clk 1:28:09]} b6 {[%clk 1:25:20]} 12. c4
{[%clk 1:23:31]} Bb8 {[%clk 1:20:25]} 13. Qa3 {[%clk 1:10:48]} Nf6
{[%clk 1:13:31]} 14. cxd5 {[%clk 1:06:56]} cxd5 {[%clk 1:11:38]} 15. e5
{[%clk 1:07:22]} Nd7 {[%clk 1:11:24]} 16. Nf1 {[%clk 1:06:44]} Nc6
{[%clk 1:10:40]} 17. Bg5 {[%clk 1:01:50]} Qe8 {[%clk 1:06:56]} 18. N1d2
{[%clk 1:00:23]} a5 {[%clk 1:06:09]} 19. Rac1 {[%clk 0:58:52]} h6
{[%clk 0:54:56]} 20. Rxc6 {[%clk 0:57:25]} Rxc6 {[%clk 0:55:20]} 21. Be7
{[%clk 0:57:53]} Qc8 {[%clk 0:54:42]} 22. Bxf8 {[%clk 0:57:57]} Nxf8
{[%clk 0:55:06]} 23. Bf1 {[%clk 0:57:24]} Rc1 {[%clk 0:53:25]} 24. Kg2
{[%clk 0:53:50]} Bg6 {[%clk 0:45:13]} 25. Re3 {[%clk 0:49:32]} Qc6
{[%clk 0:37:25]} 26. Ne1 {[%clk 0:38:51]} Bc7 {[%clk 0:36:19]} 27. Rc3
{[%clk 0:37:53]} Rxc3 {[%clk 0:36:41]} 28. Qxc3 {[%clk 0:38:20]} Qxc3
{[%clk 0:37:04]} 29. bxc3 {[%clk 0:38:47]} f6 {[%clk 0:37:15]} 30. f4
{[%clk 0:38:06]} Be8 {[%clk 0:37:17]} 31. Nc2 {[%clk 0:35:54]} Bd8
{[%clk 0:34:28]} 32. Bd3 {[%clk 0:31:25]} g5 {[%clk 0:29:53]} 33. Kf3
{[%clk 0:29:32]} gxf4 {[%clk 0:24:55]} 34. gxf4 {[%clk 0:29:22]} Kg7
{[%clk 0:25:01]} 35. Ke3 {[%clk 0:27:55]} fxe5 {[%clk 0:16:52]} 36. dxe5
{[%clk 0:26:32]} b5 {[%clk 0:16:55]} 37. Nb3 {[%clk 0:24:49]} Bb6+
{[%clk 0:04:09]} 38. Nbd4 {[%clk 0:23:13]} Kf7 {[%clk 0:02:11]} 39. a3
{[%clk 0:17:45]} Nd7 {[%clk 0:02:09]} 40. Bxb5 {[%clk 0:46:35]} Nc5
{[%clk 0:32:36]} 41. c4 {[%clk 0:41:04]} dxc4 {[%clk 0:28:41]} 42. Bxc4
{[%clk 0:40:33]} Kf8 {[%clk 0:28:39]} 43. Kf3 {[%clk 0:35:13]} Bh5+
{[%clk 0:27:39]} 44. Kg3 {[%clk 0:35:29]} Bg6 {[%clk 0:22:12]} 45. Kg4
{[%clk 0:32:48]} Ke8 {[%clk 0:14:06]} 46. Kf3 {[%clk 0:15:38]} Be4+
{[%clk 0:10:51]} 47. Ke2 {[%clk 0:15:04]} Ke7 {[%clk 0:10:20]} 48. Bb5
{[%clk 0:13:51]} Nb3 {[%clk 0:10:16]} 49. Nxb3 {[%clk 0:12:49]} Bxc2
{[%clk 0:10:33]} 50. Nd2 {[%clk 0:13:17]} a4 {[%clk 0:06:30]} 51. Bd3
{[%clk 0:12:49]} Bb3 {[%clk 0:05:01]} 52. Nxb3 {[%clk 0:11:26]} axb3
{[%clk 0:05:26]} 53. a4 {[%clk 0:11:27]} b2 {[%clk 0:05:24]} 54. Bb1
{[%clk 0:11:52]} Kd8 {[%clk 0:05:20]} 55. Kd3 {[%clk 0:11:27]} Kd7
{[%clk 0:04:51]} 56. Kc4 {[%clk 0:09:26]} Be3 {[%clk 0:04:56]} 57. f5
{[%clk 0:09:40]} exf5 {[%clk 0:05:16]} 58. Bxf5+ {[%clk 0:10:07]} Ke7
{[%clk 0:05:28]} 59. a5 {[%clk 0:10:32]} Bf2 {[%clk 0:05:38]} 60. Kd5
{[%clk 0:10:39]} h5 {[%clk 0:05:05]} 61. a6 {[%clk 0:09:35]} h4 {[%clk 0:05:23]}
62. Bb1 {[%clk 0:09:38]} Bg1 {[%clk 0:05:28]} 63. Ke4 {[%clk 0:09:48]} Bc5
{[%clk 0:05:27]} 64. Kf4 {[%clk 0:09:33]} Bf2 {[%clk 0:05:31]} 65. Ba2
{[%clk 0:09:55]} Bc5 {[%clk 0:00:35]} 66. Kg4 {[%clk 0:10:12]} Bf2
{[%clk 0:00:32]} 67. Kg5 {[%clk 0:10:36]} Be3+ {[%clk 0:00:31]} 68. Kxh4
{[%clk 0:10:50]} b1=Q {[%clk 0:00:49]} 69. Bxb1 {[%clk 0:11:15]} Ke6
{[%clk 0:01:18]} 70. Kh5 {[%clk 0:11:31]} Kxe5 {[%clk 0:01:14]} 71. Kg6
{[%clk 0:11:53]} Ke6 {[%clk 0:00:33]} 72. h4 {[%clk 0:12:11]} Ke7
{[%clk 0:00:33]} 73. h5 {[%clk 0:12:36]} Kf8 {[%clk 0:00:58]} 74. Ba2
{[%clk 0:13:03]} 1-0

[Event "European Individual Chess Championship 2017"]
[Site "Minsk"]
[Date "2017.05.31"]
[Round "2.5"]
[White "Bortnyk, Olexandr"]
[Black "Leko, Peter"]
[Result "1/2-1/2"]
[BlackElo "2703"]
[WhiteElo "2567"]
[LiveChessVersion "1.4.8"]

1. e4 {[%clk 1:30:33]} e5 {[%clk 1:30:57]} 2. Nf3 {[%clk 1:30:58]} Nc6
{[%clk 1:31:21]} 3. d4 {[%clk 1:31:23]} exd4 {[%clk 1:31:42]} 4. Nxd4
{[%clk 1:31:47]} Nf6 {[%clk 1:32:02]} 5. Nxc6 {[%clk 1:32:12]} bxc6
{[%clk 1:32:24]} 6. e5 {[%clk 1:32:38]} Qe7 {[%clk 1:32:41]} 7. Qe2
{[%clk 1:33:02]} Nd5 {[%clk 1:33:03]} 8. c4 {[%clk 1:33:26]} Ba6 {[%clk 1:33:15]}
9. b3 {[%clk 1:33:40]} g6 {[%clk 1:32:55]} 10. f4 {[%clk 1:33:43]} d6
{[%clk 1:31:48]} 11. exd6 {[%clk 1:04:28]} Qxe2+ {[%clk 1:24:26]} 12. Bxe2
{[%clk 1:04:35]} Bg7 {[%clk 1:24:46]} 13. cxd5 {[%clk 1:04:33]} Bxe2
{[%clk 1:24:58]} 14. Kxe2 {[%clk 1:04:11]} cxd5 {[%clk 0:55:43]} 15. Bd2
{[%clk 0:45:00]} Bxa1 {[%clk 0:52:30]} 16. Nc3 {[%clk 0:43:58]} Bxc3
{[%clk 0:52:22]} 17. Bxc3 {[%clk 0:44:23]} Rg8 {[%clk 0:26:04]} 18. dxc7
{[%clk 0:44:25]} Kd7 {[%clk 0:26:33]} 19. Ba5 {[%clk 0:44:06]} Rae8+
{[%clk 0:26:22]} 20. Kd3 {[%clk 0:37:29]} Re6 {[%clk 0:26:40]} 21. Rd1
{[%clk 0:14:23]} Rge8 {[%clk 0:24:39]} 22. Kc3 {[%clk 0:11:13]} Rc6+
{[%clk 0:23:40]} 23. Kb4 {[%clk 0:07:06]} Re4+ {[%clk 0:20:40]} 24. Ka3
{[%clk 0:07:28]} Kd6 {[%clk 0:20:33]} 25. g3 {[%clk 0:05:49]} d4 {[%clk 0:19:00]}
26. Rd2 {[%clk 0:03:56]} Kd5 {[%clk 0:16:15]} 27. Kb2 {[%clk 0:04:20]} Re8
{[%clk 0:11:10]} 28. a4 {[%clk 0:01:13]} Rc5 {[%clk 0:07:54]} 29. b4
{[%clk 0:01:05]} Rc4 {[%clk 0:07:44]} 30. Kb3 {[%clk 0:01:21]} Re3+
{[%clk 0:05:44]} 31. Kb2 {[%clk 0:01:47]} Re8 {[%clk 0:03:14]} 32. Kb3
{[%clk 0:02:09]} Rc3+ {[%clk 0:03:04]} 33. Kb2 {[%clk 0:02:35]} f5
{[%clk 0:02:19]} 34. b5 {[%clk 0:02:04]} Rc4 {[%clk 0:01:59]} 35. Kb3
{[%clk 0:02:30]} Re3+ {[%clk 0:01:31]} 36. Kb2 {[%clk 0:02:55]} Re7
{[%clk 0:00:44]} 37. Kb3 {[%clk 0:00:58]} Re3+ {[%clk 0:00:51]} 38. Kb2
{[%clk 0:01:24]} h6 {[%clk 0:00:48]} 39. Rc2 {[%clk 0:00:33]} Re8
{[%clk 0:01:05]} 40. Rxc4 {[%clk 0:30:31]} Kxc4 {[%clk 0:31:28]} 41. b6
{[%clk 0:20:11]} axb6 {[%clk 0:31:37]} 42. Bxb6 {[%clk 0:16:34]} d3
{[%clk 0:30:15]} 43. Kc1 {[%clk 0:05:02]} Kc3 {[%clk 0:16:11]} 44. Kd1
{[%clk 0:05:28]} d2 {[%clk 0:14:58]} 45. Be3 {[%clk 0:05:34]} Rc8
{[%clk 0:14:29]} 46. Bb6 {[%clk 0:05:37]} Kd3 {[%clk 0:09:40]} 47. Ba5
{[%clk 0:04:16]} Kc4 {[%clk 0:05:13]} 48. Bb6 {[%clk 0:04:42]} Kd3
{[%clk 0:05:00]} 49. Ba5 {[%clk 0:05:06]} h5 {[%clk 0:05:14]} 50. Bb6
{[%clk 0:04:48]} Re8 {[%clk 0:05:04]} 51. Bf2 {[%clk 0:05:14]} Ra8
{[%clk 0:04:35]} 52. Ba7 {[%clk 0:05:39]} Rc8 {[%clk 0:03:13]} 53. Bb6
{[%clk 0:06:02]} Re8 {[%clk 0:02:42]} 54. Bf2 {[%clk 0:06:27]} Ra8
{[%clk 0:01:09]} 55. Ba7 {[%clk 0:06:51]} Rc8 {[%clk 0:01:27]} 56. Bb6
{[%clk 0:07:16]} Re8 {[%clk 0:00:43]} 1/2-1/2

[Event "European Individual Chess Championship 2017"]
[Site "Minsk"]
[Date "2017.05.31"]
[Round "2.6"]
[White "Naiditsch, Arkadij"]
[Black "Zhigalko, Andrey"]
[Result "1-0"]
[BlackElo "2566"]
[WhiteElo "2700"]
[LiveChessVersion "1.4.8"]

1. e4 {[%clk 1:30:57]} c5 {[%clk 1:30:56]} 2. Ne2 {[%clk 1:31:17]} Nf6
{[%clk 1:25:14]} 3. Nbc3 {[%clk 1:31:33]} d6 {[%clk 1:25:08]} 4. h3
{[%clk 1:31:51]} Nc6 {[%clk 1:18:47]} 5. g4 {[%clk 1:26:30]} d5 {[%clk 1:13:15]}
6. exd5 {[%clk 1:25:03]} Nxd5 {[%clk 1:13:40]} 7. Bg2 {[%clk 1:25:23]} Nxc3
{[%clk 1:11:29]} 8. bxc3 {[%clk 1:25:20]} g6 {[%clk 1:03:43]} 9. d3
{[%clk 1:24:38]} Bg7 {[%clk 0:57:52]} 10. Be3 {[%clk 1:24:42]} h5
{[%clk 0:56:56]} 11. g5 {[%clk 1:19:22]} Be6 {[%clk 0:42:50]} 12. Qd2
{[%clk 0:54:10]} Bd5 {[%clk 0:37:27]} 13. f3 {[%clk 0:54:23]} Ne5
{[%clk 0:27:32]} 14. O-O {[%clk 0:51:48]} b6 {[%clk 0:27:57]} 15. Ng3
{[%clk 0:49:40]} e6 {[%clk 0:23:46]} 16. Rad1 {[%clk 0:36:51]} Rc8
{[%clk 0:18:59]} 17. Qf2 {[%clk 0:31:37]} O-O {[%clk 0:18:14]} 18. Ne4
{[%clk 0:31:44]} Nc6 {[%clk 0:12:11]} 19. Nf6+ {[%clk 0:26:21]} Bxf6
{[%clk 0:12:36]} 20. gxf6 {[%clk 0:26:45]} e5 {[%clk 0:10:13]} 21. Bh6
{[%clk 0:22:14]} Qxf6 {[%clk 0:07:45]} 22. Bxf8 {[%clk 0:22:10]} Kxf8
{[%clk 0:06:18]} 23. Rde1 {[%clk 0:20:06]} g5 {[%clk 0:03:17]} 24. h4
{[%clk 0:19:37]} c4 {[%clk 0:02:33]} 25. f4 {[%clk 0:18:34]} Bxg2
{[%clk 0:02:20]} 26. hxg5 {[%clk 0:18:57]} Qxf4 {[%clk 0:01:32]} 27. Qxg2
{[%clk 0:17:56]} Qg4 {[%clk 0:01:59]} 28. Qxg4 {[%clk 0:17:48]} hxg4
{[%clk 0:02:28]} 29. g6 {[%clk 0:18:05]} Nd8 {[%clk 0:01:53]} 30. Rxe5
{[%clk 0:18:06]} cxd3 {[%clk 0:01:55]} 31. Re8+ {[%clk 0:17:51]} Kxe8
{[%clk 0:02:00]} 32. g7 {[%clk 0:18:14]} 1-0

[Event "European Individual Chess Championship 2017"]
[Site "Minsk"]
[Date "2017.05.31"]
[Round "2.7"]
[White "Predke, Alexandr"]
[Black "Rodshtein, Maxim"]
[Result "0-1"]
[BlackElo "2698"]
[WhiteElo "2566"]
[LiveChessVersion "1.4.8"]

1. e4 {[%clk 1:30:48]} c6 {[%clk 1:30:51]} 2. d4 {[%clk 1:31:09]} d5
{[%clk 1:31:16]} 3. exd5 {[%clk 1:31:29]} cxd5 {[%clk 1:31:39]} 4. Nf3
{[%clk 1:31:54]} Nc6 {[%clk 1:31:08]} 5. Bb5 {[%clk 1:31:44]} e6 {[%clk 1:30:29]}
6. Ne5 {[%clk 1:23:05]} Bd7 {[%clk 1:30:32]} 7. Nxd7 {[%clk 1:21:37]} Qxd7
{[%clk 1:30:56]} 8. c3 {[%clk 1:21:49]} Nf6 {[%clk 1:25:54]} 9. O-O
{[%clk 1:16:51]} Bd6 {[%clk 1:25:44]} 10. Nd2 {[%clk 1:16:02]} O-O
{[%clk 1:23:42]} 11. f4 {[%clk 1:11:50]} Qc7 {[%clk 1:19:43]} 12. g3
{[%clk 1:09:10]} a6 {[%clk 1:13:13]} 13. Bd3 {[%clk 1:09:26]} b5 {[%clk 1:13:36]}
14. a3 {[%clk 0:53:48]} Na5 {[%clk 1:12:35]} 15. Qe2 {[%clk 0:49:29]} Nc4
{[%clk 0:55:08]} 16. Nf3 {[%clk 0:49:30]} Qb7 {[%clk 0:46:51]} 17. Ne5
{[%clk 0:40:06]} Rac8 {[%clk 0:46:41]} 18. f5 {[%clk 0:21:53]} exf5
{[%clk 0:36:58]} 19. Rxf5 {[%clk 0:21:03]} Bxe5 {[%clk 0:36:28]} 20. dxe5
{[%clk 0:19:52]} Ne4 {[%clk 0:36:48]} 21. Be3 {[%clk 0:13:05]} g6
{[%clk 0:33:45]} 22. Bxc4 {[%clk 0:13:12]} bxc4 {[%clk 0:13:08]} 23. Rff1
{[%clk 0:12:59]} Rfe8 {[%clk 0:13:01]} 24. Bd4 {[%clk 0:08:15]} Rb8
{[%clk 0:11:50]} 25. Qg4 {[%clk 0:02:04]} Qe7 {[%clk 0:10:12]} 26. Qe2
{[%clk 0:01:48]} Qg5 {[%clk 0:09:43]} 27. Rae1 {[%clk 0:00:47]} Rb7
{[%clk 0:09:05]} 28. Qg2 {[%clk 0:00:56]} Reb8 {[%clk 0:06:19]} 29. Re2
{[%clk 0:01:20]} h5 {[%clk 0:06:34]} 30. Rf4 {[%clk 0:01:10]} h4 {[%clk 0:06:12]}
31. Rxh4 {[%clk 0:00:35]} Rxb2 {[%clk 0:04:55]} 32. Rxb2 {[%clk 0:00:38]} Qc1+
{[%clk 0:05:20]} 33. Qf1 {[%clk 0:01:06]} Qxf1+ {[%clk 0:05:40]} 34. Kxf1
{[%clk 0:01:30]} Rxb2 {[%clk 0:06:05]} 35. a4 {[%clk 0:00:36]} Ra2
{[%clk 0:04:19]} 36. e6 {[%clk 0:00:33]} fxe6 {[%clk 0:04:39]} 37. Rh8+
{[%clk 0:00:49]} Kf7 {[%clk 0:05:03]} 38. Rh7+ {[%clk 0:01:07]} Ke8
{[%clk 0:04:48]} 39. g4 {[%clk 0:00:33]} g5 {[%clk 0:01:53]} 40. h4
{[%clk 0:30:32]} gxh4 {[%clk 0:30:52]} 41. Rxh4 {[%clk 0:29:25]} Ng3+
{[%clk 0:27:17]} 42. Ke1 {[%clk 0:29:40]} e5 {[%clk 0:27:33]} 43. Ba7
{[%clk 0:25:49]} Ra1+ {[%clk 0:18:39]} 44. Kd2 {[%clk 0:25:15]} Ne4+
{[%clk 0:18:53]} 45. Kc2 {[%clk 0:24:12]} Ra2+ {[%clk 0:19:06]} 46. Kc1
{[%clk 0:24:37]} Nxc3 {[%clk 0:18:26]} 47. Rh6 {[%clk 0:24:28]} d4
{[%clk 0:18:12]} 0-1

[Event "European Individual Chess Championship 2017"]
[Site "Minsk"]
[Date "2017.05.31"]
[Round "2.8"]
[White "Bacrot, Etienne"]
[Black "Aleksandrov, Aleksej"]
[Result "1/2-1/2"]
[BlackElo "2559"]
[WhiteElo "2696"]
[LiveChessVersion "1.4.8"]

1. e4 {[%clk 1:29:48]} e5 {[%clk 1:30:54]} 2. Nf3 {[%clk 1:30:09]} Nc6
{[%clk 1:31:16]} 3. Bb5 {[%clk 1:30:34]} a6 {[%clk 1:31:35]} 4. Ba4
{[%clk 1:30:59]} Nf6 {[%clk 1:31:59]} 5. O-O {[%clk 1:31:22]} Be7
{[%clk 1:32:25]} 6. Re1 {[%clk 1:31:47]} b5 {[%clk 1:32:48]} 7. Bb3
{[%clk 1:32:12]} d6 {[%clk 1:33:07]} 8. c3 {[%clk 1:32:37]} O-O {[%clk 1:33:21]}
9. h3 {[%clk 1:33:02]} Bb7 {[%clk 1:33:22]} 10. d4 {[%clk 1:33:11]} Re8
{[%clk 1:33:39]} 11. Nbd2 {[%clk 1:33:32]} exd4 {[%clk 1:33:43]} 12. cxd4
{[%clk 1:33:52]} Nd7 {[%clk 1:34:06]} 13. Nf1 {[%clk 1:33:38]} Na5
{[%clk 1:34:02]} 14. Bc2 {[%clk 1:34:02]} Bf6 {[%clk 1:34:24]} 15. Ng3
{[%clk 1:30:30]} g6 {[%clk 1:29:15]} 16. b3 {[%clk 1:29:53]} c5 {[%clk 1:24:17]}
17. Be3 {[%clk 1:30:16]} Nc6 {[%clk 1:17:04]} 18. Rc1 {[%clk 1:29:02]} cxd4
{[%clk 1:05:17]} 19. Nxd4 {[%clk 1:28:57]} Nxd4 {[%clk 1:05:40]} 20. Bxd4
{[%clk 1:29:22]} Rc8 {[%clk 1:06:08]} 21. Qd2 {[%clk 1:26:16]} Be5
{[%clk 0:46:54]} 22. Re2 {[%clk 1:03:04]} Nf8 {[%clk 0:37:17]} 23. Rd1
{[%clk 0:40:23]} Ne6 {[%clk 0:33:38]} 24. Be3 {[%clk 0:39:57]} Qf6
{[%clk 0:30:34]} 25. Nf1 {[%clk 0:35:06]} Nf4 {[%clk 0:14:21]} 26. Bxf4
{[%clk 0:35:08]} Bxf4 {[%clk 0:14:48]} 27. Qe1 {[%clk 0:32:42]} h5
{[%clk 0:07:25]} 28. a4 {[%clk 0:31:23]} h4 {[%clk 0:04:20]} 29. axb5
{[%clk 0:27:26]} axb5 {[%clk 0:04:49]} 30. Qb4 {[%clk 0:27:42]} d5
{[%clk 0:02:33]} 31. Bd3 {[%clk 0:26:46]} dxe4 {[%clk 0:02:27]} 32. Bxe4
{[%clk 0:26:50]} Qc3 {[%clk 0:01:15]} 33. Qxc3 {[%clk 0:24:18]} Rxc3
{[%clk 0:01:42]} 34. Rde1 {[%clk 0:24:43]} Bc8 {[%clk 0:01:54]} 35. Bd5
{[%clk 0:24:50]} Rxe2 {[%clk 0:02:00]} 36. Rxe2 {[%clk 0:25:19]} Kf8
{[%clk 0:01:47]} 37. Re1 {[%clk 0:22:22]} Rd3 {[%clk 0:01:28]} 38. Bc6
{[%clk 0:22:42]} Bd7 {[%clk 0:01:10]} 39. Bxd7 {[%clk 0:19:55]} Rxd7
{[%clk 0:01:38]} 40. g3 {[%clk 0:50:05]} hxg3 {[%clk 0:31:27]} 41. fxg3
{[%clk 0:50:30]} Bc7 {[%clk 0:30:59]} 42. Kg2 {[%clk 0:50:23]} Rd4
{[%clk 0:29:16]} 43. h4 {[%clk 0:45:59]} Bb6 {[%clk 0:26:58]} 44. Re5
{[%clk 0:42:27]} b4 {[%clk 0:22:25]} 45. h5 {[%clk 0:35:40]} Bc7 {[%clk 0:21:16]}
46. Rc5 {[%clk 0:36:02]} Bd6 {[%clk 0:21:33]} 47. Rc8+ {[%clk 0:36:27]} Kg7
{[%clk 0:21:59]} 48. hxg6 {[%clk 0:36:52]} fxg6 {[%clk 0:22:17]} 49. Re8
{[%clk 0:31:23]} Kf6 {[%clk 0:17:54]} 50. Kf3 {[%clk 0:31:13]} Rd1
{[%clk 0:18:01]} 51. Ke2 {[%clk 0:30:16]} Rc1 {[%clk 0:18:07]} 52. Rd8
{[%clk 0:25:06]} Ke7 {[%clk 0:16:55]} 53. Rg8 {[%clk 0:24:50]} Kf6
{[%clk 0:15:42]} 54. Rd8 {[%clk 0:25:13]} Ke7 1/2-1/2

[Event "European Individual Chess Championship 2017"]
[Site "Minsk"]
[Date "2017.05.31"]
[Round "2.9"]
[White "Donchenko, Alexander"]
[Black "Tomashevsky, Evgeny"]
[Result "1/2-1/2"]
[BlackElo "2696"]
[WhiteElo "2563"]
[LiveChessVersion "1.4.8"]

1. d4 {[%clk 1:30:57]} d5 {[%clk 1:30:51]} 2. c4 {[%clk 1:30:58]} e6
{[%clk 1:31:13]} 3. Nc3 {[%clk 1:29:42]} c6 {[%clk 1:30:56]} 4. Nf3
{[%clk 1:28:06]} dxc4 {[%clk 1:30:00]} 5. e3 {[%clk 1:27:05]} b5 {[%clk 1:29:55]}
6. a4 {[%clk 1:27:17]} Bb4 {[%clk 1:29:44]} 7. Bd2 {[%clk 1:27:24]} a5
{[%clk 1:29:22]} 8. axb5 {[%clk 1:27:17]} Bxc3 {[%clk 1:29:46]} 9. Bxc3
{[%clk 1:27:41]} cxb5 {[%clk 1:30:10]} 10. b3 {[%clk 1:28:02]} Bb7
{[%clk 1:29:38]} 11. bxc4 {[%clk 1:28:15]} b4 {[%clk 1:29:51]} 12. Bb2
{[%clk 1:28:33]} Nf6 {[%clk 1:29:45]} 13. c5 {[%clk 1:28:30]} O-O
{[%clk 1:28:23]} 14. Bb5 {[%clk 1:28:40]} Ba6 {[%clk 1:28:16]} 15. Qa4
{[%clk 1:26:21]} Qd5 {[%clk 1:09:30]} 16. Qxa5 {[%clk 0:48:56]} Nc6
{[%clk 0:37:46]} 17. Qxa6 {[%clk 0:46:22]} Rxa6 {[%clk 0:37:40]} 18. Rxa6
{[%clk 0:46:46]} Qb3 {[%clk 0:21:30]} 19. Bxc6 {[%clk 0:46:22]} Qxb2
{[%clk 0:21:52]} 20. O-O {[%clk 0:46:43]} b3 {[%clk 0:19:14]} 21. Rb6
{[%clk 0:41:37]} Nd5 {[%clk 0:17:41]} 22. Bxd5 {[%clk 0:40:41]} exd5
{[%clk 0:18:09]} 23. c6 {[%clk 0:28:05]} Qc2 {[%clk 0:18:18]} 24. c7
{[%clk 0:27:51]} f6 {[%clk 0:18:14]} 25. Ne1 {[%clk 0:26:13]} Qxc7
{[%clk 0:13:48]} 26. Rxb3 {[%clk 0:26:35]} Rb8 {[%clk 0:14:10]} 27. Rxb8+
{[%clk 0:26:54]} Qxb8 {[%clk 0:14:36]} 28. h4 {[%clk 0:25:36]} Qb1
{[%clk 0:12:22]} 1/2-1/2